La república deliberativa : (Record no. 117181)
[ view plain ]
| 000 -LEADER | |
|---|---|
| fixed length control field | 00806nam a22002417a 4500 |
| 005 - DATE AND TIME OF LATEST TRANSACTION | |
| control field | 20160616144749.0 |
| 008 - FIXED-LENGTH DATA ELEMENTS--GENERAL INFORMATION | |
| fixed length control field | 160616b sp ||||| |||| 00| 0 spa d |
| 020 ## - INTERNATIONAL STANDARD BOOK NUMBER | |
| International Standard Book Number | 8497683838 |
| 050 04 - LIBRARY OF CONGRESS CALL NUMBER | |
| Classification number | JC423 |
| Item number | M37 2006 |
| 100 1# - MAIN ENTRY--PERSONAL NAME | |
| Personal name | Martí, José Luis, |
| Dates associated with a name | 1975- |
| 245 13 - TITLE STATEMENT | |
| Title | La república deliberativa : |
| Remainder of title | una teoría de la democracia / |
| Statement of responsibility, etc | Roberto Gargarella prol. ; Josep J Moreso prol. |
| 250 ## - EDITION STATEMENT | |
| Edition statement | 1a ed. |
| 260 ## - PUBLICATION, DISTRIBUTION, ETC. (IMPRINT) | |
| Place of publication, distribution, etc | Madrid : |
| Name of publisher, distributor, etc | Marcial Pons, |
| Date of publication, distribution, etc | 2006. |
| 300 ## - PHYSICAL DESCRIPTION | |
| Extent | xix, 359 p. ; |
| Dimensions | 24 cm. |
| 490 #0 - SERIES STATEMENT | |
| Series statement | Filosofía y derecho |
| 504 ## - BIBLIOGRAPHY, ETC. NOTE | |
| Bibliography, etc | Incluye bibliografía e índice |
| 650 #4 - SUBJECT ADDED ENTRY--TOPICAL TERM | |
| Topical term or geographic name as entry element | Democracia. |
| 650 #4 - SUBJECT ADDED ENTRY--TOPICAL TERM | |
| Topical term or geographic name as entry element | Toma de decisiones. |
| 650 #4 - SUBJECT ADDED ENTRY--TOPICAL TERM | |
| Topical term or geographic name as entry element | El gobierno representativo y la representación. |
| 700 ## - ADDED ENTRY--PERSONAL NAME | |
| Personal name | Gargarella, Roberto |
| Relator term | prol. |
| 700 ## - ADDED ENTRY--PERSONAL NAME | |
| Personal name | Moreso, Josep J |
| Relator term | prol |
| 942 ## - ADDED ENTRY ELEMENTS (KOHA) | |
| Source of classification or shelving scheme | Biblioteca del Cogreso de los Estados Unidos |
| Koha item type | Libro |
| Estado de pérdida | Fuente de clasificación | Estado del daño | No para préstamo | Ubicación permanente | Ubicación actual | Apartado o colección | Fecha de adquisición | Fuente de adquisición | Edición | Dependencia de educación superior (DES) | Área del conocimiento | Clasificación | Código de Barras | Date last seen | Número de copia | Tipo de recurso |
|---|---|---|---|---|---|---|---|---|---|---|---|---|---|---|---|---|
| Biblioteca del Cogreso de los Estados Unidos | Biblioteca de la Facultad de Filosofía | Biblioteca de la Facultad de Filosofía | General | 16/06/2016 | Unidad Académica Genérico | 1a ed. | Humanidades | Educación y Humanidades | JC423 M37 2006 | BFF000016261 | 16/06/2016 | C:1 | Libro |